Σχήματα Χωρών από Ο - Statistics

General Stats
  • This quiz has been taken 15 times
  • The average score is 6 of 9
Answer Stats
Picture Answer % Correct
Ολλανδία
86%
Ομάν
86%
Ουκρανία
86%
Ονδούρα
64%
Ουγγαρία
64%
Ουζμπεκιστάν
64%
Ουρουγουάη
64%
Ομόσπονδες Πολιτείες της Μικρονησίας
57%
Ουγκάντα
43%
No matching quizzes found
Score Distribution
Percent of People with Each Score
Percentile by Number Answered
Your Score History
You have not taken this quiz